000 08315cam a22021614i 4500
003 PE-LiUPU
005 20250813165415.0
008 150706s2010 sp a rb 000 0 spa d
020 _a9788479789039
035 _a(Sirsi) i9788479789039
040 _aPE-LiUPU
_bspa
_cPE-LiUPU
_erda
049 _aPRUA
082 0 4 _a628.3
_bO81
_221
100 1 _aOsorio Robles, Francisco,
_eautor.
245 1 0 _aTratamiento de aguas para la eliminación de microorganismos y agentes contaminantes :
_baplicación de procesos industriales a la reutilización de aguas residuales /
_cFrancisco Osorio Robles, Juan Carlos Torres Rojo, Mercedes Sánchez Bas.
264 1 _aMadrid :
_bDíaz de Santos,
_c2010.
300 _a204 páginas :
_bilustraciones ;
_c24 centímetros
336 _atext
_2rdacontent
337 _aunmediated
_2rdamedia
338 _avolume
_2rdacarrier
504 _aIncluye bibliografía.
505 0 _aPlanteamiento del problema -- Métodos de desinfección de aguas residuales -- Membranas y su aplicación en reutilización de aguas residuales -- Procesos de oxidación avanzada (POA) -- Indicadores biológicos en aguas residuales tratadas -- Técnicas de eliminación de microorganismos en la industria agroalimentaria y farmacéutica.
526 _aP203
526 _aP200
526 _aSEG65
526 _aSEG64
526 _aSEG63
526 _aSEG62
526 _aSEG61
526 _aSEG60
526 _aSEG59
526 _aSEG58
526 _aSEG57
526 _aSEG56
526 _aSEG55
526 _aSEG54
526 _aSEG53
526 _aSEG52
526 _aSEG51
526 _aSEG50
526 _aSEG49
526 _aSEG48
526 _aSEG47
526 _aSEG46
526 _aSEG24
526 _aSEG23
526 _aSEG22
526 _aSEG21
526 _aSEG20
526 _aSEG19
526 _aSEG18
526 _aSEG17
526 _aSEG16
526 _aSEG14
526 _aSEG13
526 _aSEG12
526 _aSEG11
526 _aSEG10
526 _aSEG09
526 _aSEG06
526 _aSEG05
526 _aSEG04
526 _aSEG03
526 _aSEG02
526 _aSEG68
526 _aSEG66
526 _aSEG45
526 _aSEG25
526 _aSEG01
526 _aP163
526 _aP162
526 _aP161
526 _aP160
526 _aP159
526 _aP158
526 _aP157
526 _aP156
526 _aP155
526 _aP154
526 _aP153
526 _aP152
526 _aP151
526 _aP150
526 _aP149
526 _aP142
526 _aP141
526 _aP140
526 _aP139
526 _aP138
526 _aP137
526 _aP132
526 _aP131
526 _aP130
526 _aP126
526 _aP125
526 _aP124
526 _aP123
526 _aP115
526 _aP122
526 _aP121
526 _aP116
526 _a P114
526 _aP112
526 _aP111
526 _aP104
526 _aP103
526 _aP102
526 _aP101
526 _aP100
526 _aP96
526 _aP95
526 _aP93
526 _aP92
526 _aP91
526 _aP88
526 _aP83
526 _aP82
526 _aP79
526 _aP78
526 _aP75
526 _aP74
526 _aP71
526 _aP69
526 _a P51
526 _aP49
526 _aP48
526 _aP47
526 _aP33
526 _aP31
526 _a P30
526 _aP29
526 _aP27
526 _aP26
526 _aP25
526 _aP24
526 _a P22
526 _aP10
526 _aP09
526 _a P08
526 _aP06
526 _aP05
526 _aP04
526 _aP01
541 _g001-001348;
541 _g015-001552;
541 _g015-001552;
541 _g0024187;
541 _g0001-42330;
541 _g;
541 _gF001-0000831;
650 0 4 _aAguas residuales
_xDepuración.
700 1 _aSánchez Bas, Mercedes,
_eautor.
700 1 _aTorres Rojo, Juan Carlos,
_eautor.
910 _cng
_d20130618
910 _armch
_btqv
_crmch
_d20170711
910 _adbm
_bksl
_cksl
_d20180111
910 _armch
_btqv
_cjfb
_d20180801
910 _armch
_bwelc
_cwelc
_d20180204
942 _2ddc
_cBOOK
949 _a628.3 O81 2010
_wDEWEY
_c1
_iFJ02447
_lCCODEBUJ1
_mBUJ
_p43.38
_r0
_sY
_tBOOK
_u2016-10-3
_xINGENIERIA
_PP25
_0COMPRA
_o.STAFF. Colección General Juliaca
949 _a628.3 O81 2010
_wDEWEY
_c2
_iFJ08106
_lCCODEBUJ1
_mBUJ
_p41.42
_r0
_sY
_tBOOK
_u2017-7-19
_xINGENIERIA
_PP24
_0COMPRA
_o.STAFF. Colección General Juliaca
949 _a628.3 O81 2010
_wDEWEY
_c3
_iFJ11214
_lCCODEBUJ1
_mBUJ
_p46.36
_r0
_sY
_tBOOK
_u2018-08-01
_xINGENIERIA
_PP24
_0COMPRA
_o.STAFF. Colección General Juliaca
949 _a628.3 O81 2010
_wDEWEY
_c4
_iFJ12510
_lCCODEBUJ1
_mBUJ
_p40.18
_r0
_sY
_tBOOK
_u2019-02-04
_xINGENIERIA
_PP24
_0COMPRA
_o.STAFF. Colección General Juliaca
949 _a628.3 O81
_wDEWEY
_c1
_i67486
_lCCODEBUL1
_mBUL
_p48.00
_r0
_sY
_tBOOK
_u2015-7-6
_xINGENIERIA
_PP24
_0COMPRA
_o.STAFF. Colección General
949 _a628.3 O81
_wDEWEY
_c2
_i67487
_d2016-9-13
_e2016-9-13
_lCCODEBUL1
_mBUL
_n1
_p48.00
_r0
_sY
_tBOOK
_u2015-7-6
_xINGENIERIA
_PP24
_0COMPRA
_o.STAFF. Colección General
949 _a628.3 O81
_wDEWEY
_c3
_i68089
_lCCODEBUL1
_mBUL
_p79.00
_r0
_sY
_tBOOK
_u2015-7-6
_xINGENIERIA
_PP24
_0COMPRA
_o.STAFF. Colección General
949 _a628.3 O81
_wDEWEY
_c4
_i71344
_lCCODEBUL1
_mBUL
_p40.00
_r0
_sY
_tBOOK
_u2015-5-13
_xINGENIERIA
_PP24
_0COMPRA
_o.STAFF. Colección General
949 _a628.3 O81
_wDEWEY
_c5
_i71345
_lCCODEBUL1
_mBUL
_n2
_p40.00
_r0
_sY
_tBOOK
_u2015-5-13
_xINGENIERIA
_PP24
_0COMPRA
_o.STAFF. Colección General
994 _aC0
_bPEPRU
596 _a1 3
999 _a628.3 O81
_wDEWEY
_c17086
_i67486
_d17086
_e2017-5-16
_f2021-11-9
_g7
_lCCODEBUL1
_mBUL
_n1
_p48.00
_q1
_r0
_sY
_tBOOK
_u2015-7-6
_xINGENIERIA
_PP24
_0COMPRA
_o.STAFF. Colección General
999 _a628.3 O81
_wDEWEY
_c2
_i67487
_d2017-9-7
_e2017-9-7
_f2021-11-9
_g7
_lCCODEBUL1
_mBUL
_n2
_p48.00
_r0
_sY
_tBOOK
_u2015-7-6
_xINGENIERIA
_PP24
_0COMPRA
_o.STAFF. Colección General
999 _a628.3 O81
_wDEWEY
_c3
_i68089
_f2021-11-9
_g7
_lCCODEBUL1
_mBUL
_p79.00
_r0
_sY
_tBOOK
_u2015-7-6
_xINGENIERIA
_PP24
_0COMPRA
_o.STAFF. Colección General
999 _a628.3 O81
_wDEWEY
_c4
_i71344
_d2018-8-23
_e2018-8-21
_f2021-11-9
_g7
_lCCODEBUL1
_mBUL
_n1
_p40.00
_r0
_sY
_tBOOK
_u2015-5-13
_xINGENIERIA
_PP24
_0COMPRA
_o.STAFF. Colección General
999 _a628.3 O81
_wDEWEY
_c5
_i71345
_d2015-11-4
_e2015-10-23
_f2021-11-9
_g7
_lCCODEBUL1
_mBUL
_n2
_p40.00
_r0
_sY
_tBOOK
_u2015-5-13
_xINGENIERIA
_PP24
_0COMPRA
_o.STAFF. Colección General
999 _a628.3 O81
_wDEWEY
_c6
_i77942
_f2021-11-9
_g4
_lCCODEBUL1
_mBUL
_p47.70
_r0
_sY
_tBOOK
_u2018-1-11
_xINGENIERIA
_PP24
_0COMPRA
_o.STAFF. Colección Ingeniería y Arquitectura
999 _a628.3 O81
_wDEWEY
_c7
_i77943
_d2018-4-24
_f2021-11-9
_g4
_lCCODEBUL1
_mBUL
_p47.70
_q1
_r0
_sY
_tBOOK
_u2018-1-11
_xINGENIERIA
_PP24
_0COMPRA
_o.STAFF. Colección Ingeniería y Arquitectura
999 _a628.3 O81 2010
_wDEWEY
_c1
_iFJ02447
_d2019-10-28
_e2019-10-24
_f2022-1-26
_g3
_lCCODEBUJ1
_mBUJ
_n11
_p43.38
_q6
_r0
_sY
_tBOOK
_u2016-10-3
_xINGENIERIA
_PP25
_0COMPRA
_o.STAFF. Colección General Juliaca
999 _a628.3 O81 2010
_wDEWEY
_c2
_iFJ08106
_d2019-3-20
_e2019-3-18
_f2022-1-26
_g4
_lCCODEBUJ1
_mBUJ
_n1
_p41.42
_q6
_r0
_sY
_tBOOK
_u2017-7-19
_xINGENIERIA
_PP24
_0COMPRA
_o.STAFF. Colección General Juliaca
999 _a628.3 O81 2010
_wDEWEY
_c3
_iFJ11214
_f2022-1-26
_g3
_lCCODEBUJ1
_mBUJ
_p46.36
_r0
_sY
_tBOOK
_u2018-8-1
_xINGENIERIA
_PP24
_0COMPRA
_1FCOMPRA
_o.STAFF. Colección General Juliaca
999 _a628.3 O81 2010
_wDEWEY
_c4
_iFJ12510
_d2022-5-3
_e2022-4-29
_f2022-1-26
_g2
_lCCODEBUJ1
_mBUJ
_n3
_p40.18
_q3
_r0
_sY
_tBOOK
_u2019-2-4
_xINGENIERIA
_PP24
_0COMPRA
_1FCOMPR2
_o.STAFF. Colección General Juliaca
980 _81
_gALBERTO SANCHEZ Responsable de Automatización